Contes et fables / (Record no. 166392)

MARC details
000 -LEADER
campo de control de longitud fija 00878nam a22002175i 4500
001 - NÚMERO DE CONTROL
campo de control 166392
003 - IDENTIFICADOR DE NÚMERO DE CONTROL
campo de control ES-MaACL
005 - FECHA Y HORA DE LA ÚLTIMA TRANSACCIÓN
campo de control 20260316165934.0
008 - DATOS DE LONGITUD FIJA--INFORMACIÓN GENERAL
campo de control de longitud fija 050914s1888 fr | |||||||| ||fre d
040 ## - FUENTE DE CATALOGACIÓN
Centro catalogador/agencia de origen CAM
Lengua de catalogación spa
Centro/agencia transcriptor CAM
100 1# - ENTRADA PRINCIPAL--NOMBRE DE PERSONA
Nombre de persona Tolstói, Lev,
Fechas asociadas al nombre 1828-1910
9 (RLIN) 110489
245 10 - MENCIÓN DEL TÍTULO
Título Contes et fables /
Mención de responsabilidad, etc. C\pte\s Léon Tolstoï; traduit avec l'autorisarion de l'auteur par E. Halpérine-Kaminsky; précédé d'une préface de l'auteur.
260 ## - PUBLICACIÓN, DISTRIBUCIÓN, ETC.
Lugar de publicación, distribución, etc. Paris :
Nombre del editor, distribuidor, etc. E. Plon, Nourrit et C\pie\s imprimeurs-éditeurs,
Fecha de publicación, distribución, etc. [s.a.]
300 ## - DESCRIPCIÓN FÍSICA
Extensión 264 p. ;
Dimensiones 19 cm.
596 ## - NOTA AL PIE DE IMPRENTA
NOTA AL PIE DE IMPRENTA Obra depositada en el Ministère de l'Intérieur en julio de 1888.
700 1# - ENTRADA AGREGADA--NOMBRE PERSONAL
Nombre de persona Gal'perin-Kaminskij, Il'â Danilovic,
Fechas asociadas al nombre 1858-1936
Término indicativo de función/relación
9 (RLIN) 127773
752 ## - ENTRADA AGREGADA--NOMBRE JERÁRQUICO DEL LUGAR
País o entidad superior Francia -
Ciudad París
852 ## - LOCALIZACIÓN
Ubicación ES-MaACL
Número de control de estantería F-9302
Nota libre -- Enc. hol. conservando la cub. original
Holdings
Estatus retirado Estado de pérdida Estado de daño No para préstamo Biblioteca de origen Biblioteca actual Ubicación en estantería Fecha de adquisición Fuente de adquisición Total de préstamos Signatura topográfica completa Código de barras Visto por última vez Precio de reemplazo Tipo de ítem Koha
        Biblioteca del Ateneo de Madrid Biblioteca del Ateneo de Madrid Sala Pecera Planta 2 17/01/2008     F-9302 1174513 23/02/2023 23/02/2023 Libro impreso